[Event "Efremov Pechenov Memorial"]
[Site "Efremov"]
[Date "2017.04.28"]
[Round "12"]
[White "Biriukov, Alexander"]
[Black "Domogaev, Sergey"]
[Result "0-1"]
[WhiteElo "2218"]
[BlackElo "2455"]
[PlyCount "98"]
[EventDate "2017.04.22"]
[EventType "tourn"]
[EventRounds "13"]
[EventCountry "RUS"]
[EventCategory "2"]
[SourceTitle "CBM 178 Extra"]
[Source "ChessBase"]
[SourceDate "2017.06.22"]
[SourceVersion "1"]
[SourceVersionDate "2017.06.22"]
[SourceQuality "1"]

1. d4 d5 2. c4 dxc4 3. e4 c5 4. d5 Nf6 5. Nc3 b5 6. e5 b4 7. exf6 bxc3 8. bxc3 exf6 9. Bxc4 Bd6 10. Nf3 0-0 11. 0-0 Nd7 12. Re1 Nb6 13. Qd3 Bb7 14. Kh1 Qc8 15. Be3 Qg4 16. Nd2 Qh5 17. h3 Nxd5 18. Bxd5 Bxd5 19. Kg1 Rad8 20. Qe2 Qe5 21. Nf3 Qxc3 22. Rac1 Qb4 23. Red1 Qb7 24. Bxc5 Bxf3 25. Qxf3 Qxf3 26. gxf3 Bxc5 27. Rxd8 Bxf2+ 28. Kxf2 Rxd8 29. Rc7 Ra8 30. a4 a5 31. Kg3 h5 32. h4 g6 33. Rb7 Kg7 34. Rc7 g5 35. Rb7 Kg6 36. Rb5 Rc8 37. Rxa5 Rc3 38. hxg5 fxg5 39. Kg2 Ra3 40. Ra7 g4 41. fxg4 hxg4 42. a5 f5 43. a6 Kg5 44. Ra8 Ra2+ 45. Kf1 Kf4 46. a7 Kf3 47. Ke1 f4 48. Rc8 Ra1+ 49. Kd2 Rxa7 0-1

[Event "Efremov Pechenov Memorial"]
[Site "Efremov"]
[Date "2017.04.23"]
[Round "3"]
[White "Biriukov, Alexander"]
[Black "Aghasiyev, Kamal"]
[Result "0-1"]
[WhiteElo "2218"]
[BlackElo "2411"]
[PlyCount "60"]
[EventDate "2017.04.22"]
[EventType "tourn"]
[EventRounds "13"]
[EventCountry "RUS"]
[EventCategory "2"]
[SourceTitle "CBM 178 Extra"]
[Source "ChessBase"]
[SourceDate "2017.06.22"]
[SourceVersion "1"]
[SourceVersionDate "2017.06.22"]
[SourceQuality "1"]

1. e4 c5 2. Nf3 d6 3. d4 cxd4 4. Nxd4 Nf6 5. Nc3 e6 6. Bc4 Be7 7. Bb3 0-0 8. 0-0 a6 9. f4 Qc7 10. f5 e5 11. Nde2 b5 12. a3 Bb7 13. Ng3 Nbd7 14. Bg5 Nb6 15. Bxf6 Bxf6 16. Nh5 Kh8 17. Nxf6 gxf6 18. Qh5 Nc4 19. Rf3 Rg8 20. Qh6 Qe7 21. Rh3 Rg7 22. Rf1 Rag8 23. Kh1 d5 24. exd5 Nd6 25. Rh5 Bc8 26. g4 e4 27. g5 Nxf5 28. gxf6 Rg1+ 29. Rxg1 Rxg1+ 30. Kxg1 Qc5+ 0-1